000 00317 a2200109 4500
005 20250628102240.0
082 _a005.4 MIC
245 _aAnalyzing Requirements and Defining Microsoft. Net: Solution Architectures
260 _aNew York
_bMicrosoft Press
_c2003
300 _axxv,490p.:ill.
_bIndex
_c23cm.
942 _2ddc
_cBKS
999 _c5951
_d5951